THE JOURNAL OF INTERNATIONAL LAW AND DIPLOMACY (Record no. 43681)

MARC details
003 - CONTROL NUMBER IDENTIFIER
control field 43690
005 - DATE AND TIME OF LATEST TRANSACTION
control field 20251010214229.0
008 - FIXED-LENGTH DATA ELEMENTS--GENERAL INFORMATION
fixed length control field 251010b |||||||| |||| 00| 0 eng d
022 ## - INTERNATIONAL STANDARD SERIAL NUMBER
International Standard Serial Number 3234-786x
040 ## - CATALOGING SOURCE
Transcribing agency Nile University of Nigeria, Abuja.
Description conventions rda
050 ## - LIBRARY OF CONGRESS CALL NUMBER
Classification number K 60 .I5
082 ## - DEWEY DECIMAL CLASSIFICATION NUMBER
Classification number K 60 .I5
245 ## - TITLE STATEMENT
Title THE JOURNAL OF INTERNATIONAL LAW AND DIPLOMACY
250 ## - EDITION STATEMENT
Edition statement vol.1,No.1, 2013
260 ## - PUBLICATION, DISTRIBUTION, ETC. (IMPRINT)
Place of publication, distribution, etc Lagos
Name of publisher, distributor, etc Jid Press
Date of publication, distribution, etc 2013
264 ## - PUBLICATION, DISTRIBUTION, ETC. (IMPRINT)
Place of publication, distribution, etc Lagos
Name of publisher, distributor, etc Jid Press
Date of publication, distribution, etc 2013
300 ## - PHYSICAL DESCRIPTION
Other physical details II, 316 pg., 30 cm
336 ## - CONTENT TYPE
Source rdacontent
338 ## - CARRIER TYPE
Source rdacarrier
942 ## - ADDED ENTRY ELEMENTS (KOHA)
Source of classification or shelving scheme Library of Congress Classification
Koha item type JOURNALS
Holdings
Withdrawn status Lost status Source of classification or shelving scheme Damaged status Not for loan Permanent Location Current Location Shelving location Date acquired Total Checkouts Date last seen Price effective from Koha item type
    Library of Congress Classification     Law Library Law Library Items on shelf 02/19/2025   10/10/2025 10/10/2025 JOURNALS
    Library of Congress Classification     Law Library Law Library Items on shelf 02/19/2025   10/10/2025 10/10/2025 JOURNALS
    Library of Congress Classification     Law Library Law Library Items on shelf 02/19/2025   10/10/2025 10/10/2025 JOURNALS